000
00196 a2200097 4500
020
_a
9780545240307
041
_a
spa
100
_a
Bauer, Marion Dane
245
_a
Martin Luther King, Jr
942
_c
BK
999
_c
8725
_d
8725